000 01029cam a22003014a 4500
999 _c7693
_d7693
001 12591520
003 GZU
005 20210512094158.0
008 011116s2003 njua 001 0 eng
010 _a 2001058084
020 _a0130646202
040 _aDLC
_cDLC
_dDLC
042 _apcc
050 0 0 _aHF5667
_b.A69 2003
082 0 0 _a657/.45
_221
100 1 _aArens, Alvin A.
245 1 0 _aAuditing and assurance services :
_ban integrated approach /
_cAlvin A. Arens, Randal J. Elder, Mark S. Beasley ; with web content provided by Gregory J. Jenkins.
250 _a9th ed.
260 _aUpper Saddle River, N.J. :
_bPrentice Hall,
_cc2003.
300 _axx, 765 p. :
_bill. ;
_c29 cm.
500 _aIncludes index.
650 0 _aAuditing.
700 1 _aElder, Randal J.
700 1 _aBeasley, Mark S.
906 _a7
_bcbc
_corignew
_d1
_eocip
_f20
_gy-gencatlg
942 _2lcc
_cBK
_e9th
_h5667
_iARE
_kHF
_m2003